[Event "SR 4. liga A21 2015/2016"]
[Site "?"]
[Date "2016.02.28"]
[Round "9.3"]
[White "Chabada, Tomas"]
[Black "Sedlak, Rastislav"]
[Result "1-0"]
[WhiteElo "1950"]
[BlackElo "1654"]
[PlyCount "75"]
[EventDate "2015.??.??"]

1. e4 e5 2. Nf3 Nc6 3. d4 exd4 4. Bc4 Bc5 5. c3 Nge7 6. Ng5 d5 7. exd5 Ne5 8.
Bb5+ Bd7 9. Bxd7+ Qxd7 10. cxd4 Bb4+ 11. Nc3 N5g6 12. O-O Bxc3 13. bxc3 h6 14.
Nf3 Qxd5 15. Qa4+ Qd7 16. Qb3 c6 17. Ba3 O-O 18. Rab1 b5 19. Bxe7 Qxe7 20. Rfe1
Qd6 21. Re4 Rfe8 22. Rbe1 Kf8 23. a4 a6 24. c4 Rxe4 25. Rxe4 bxc4 26. Qxc4 Rb8
27. g3 Rb1+ 28. Kg2 Qd5 29. Qe2 Rb8 30. Re3 a5 31. h4 f5 32. Kh2 f4 33. Re4
fxg3+ 34. fxg3 Rb4 35. Ne5 Nxe5 36. Rxe5 Qxd4 37. Re8+ Kf7 38. Qe6# 1-0

[Event "SR 4. liga A21 2015/2016"]
[Site "?"]
[Date "2016.02.28"]
[Round "9.3"]
[White "Oravec, Pavol"]
[Black "Husek, Lubomir"]
[Result "0-1"]
[WhiteElo "1779"]
[BlackElo "1884"]
[PlyCount "89"]
[EventDate "2015.??.??"]

1. d4 Nf6 2. Nf3 g6 3. Bf4 Bg7 4. e3 d6 5. Nbd2 O-O 6. c3 b6 7. Bc4 Bb7 8. O-O
c5 9. Rc1 Nbd7 10. h3 d5 11. Bd3 c4 12. Bb1 b5 13. Ne5 Nxe5 14. Bxe5 Nd7 15.
Bxg7 Kxg7 16. Nf3 e6 17. Re1 f5 18. h4 Qf6 19. Qd2 Rad8 20. Rcd1 Qe7 21. Bc2
Nb6 22. g3 Qf6 23. Bb1 Nd7 24. Bc2 Bc6 25. Bb1 a5 26. a3 Rb8 27. Bc2 Rb7 28.
Rb1 Ra8 29. Rec1 Rab8 30. Bd1 b4 31. axb4 axb4 32. Bc2 b3 33. Bd1 Ra7 34. Ra1
Rba8 35. Rxa7 Rxa7 36. Be2 Ra2 37. Rb1 Nb6 38. Ne5 Be8 39. f4 Na4 40. Kf2 Qd8
41. Qe1 Nxb2 42. Ra1 Qa5 43. Rxa2 Qxa2 44. Kf1 Na4 45. Qc1 0-1

[Event "SR 4. liga A21 2015/2016"]
[Site "?"]
[Date "2016.02.28"]
[Round "9.3"]
[White "Kovarik, Oto"]
[Black "Musaev, Urmat"]
[Result "0-1"]
[WhiteElo "1797"]
[BlackElo "1000"]
[PlyCount "88"]
[EventDate "2015.??.??"]

1. e4 c5 2. Nf3 d6 3. d4 cxd4 4. Nxd4 Nf6 5. Nc3 a6 6. Be2 e6 7. Be3 Be7 8. Qd2
Qc7 9. O-O Nbd7 10. f4 Nc5 11. Bf3 O-O 12. b4 Ncd7 13. Nce2 d5 14. e5 Ne4 15.
Bxe4 dxe4 16. Ng3 Nb6 17. Nxe4 Nc4 18. Qc3 Bxb4 19. Qxb4 Nxe3 20. Rf2 Nd5 21.
Qb3 b5 22. Nd6 Bd7 23. c4 bxc4 24. Qxc4 Qxc4 25. Nxc4 Rfc8 26. Nd6 Rc3 27. g4
Rb8 28. f5 Rd3 29. Nb3 Rc3 30. Nd4 Rb4 31. fxe6 Bxe6 32. Rd1 Ne3 33. Nxe6 fxe6
34. Re1 Rxg4+ 35. Kh1 Rd3 36. Rfe2 Nd5 37. Rb2 h5 38. Rb8+ Kh7 39. Nf7 Rd2 40.
Rh8+ Kg6 41. Rf8 Nf4 42. Nh8+ Kh7 43. Nf7 Nd3 44. Rf1 Nf2+ 0-1

[Event "SR 4. liga A21 2015/2016"]
[Site "?"]
[Date "2016.02.28"]
[Round "9.4"]
[White "Sobek, Michal"]
[Black "Slaby, Jozef"]
[Result "1/2-1/2"]
[WhiteElo "1875"]
[BlackElo "1799"]
[PlyCount "87"]
[EventDate "2015.??.??"]

1. e4 c6 2. Nc3 d5 3. Nf3 e6 4. d4 Nf6 5. Bg5 Be7 6. e5 Nfd7 7. Bxe7 Qxe7 8.
Bd3 a6 9. Na4 Qb4+ 10. c3 Qa5 11. b4 Qc7 12. Ng5 b5 13. Nc5 Nxc5 14. bxc5 h6
15. Qh5 Rf8 16. Nf3 Qa5 17. Kd2 Qc7 18. Qg4 g6 19. Qf4 h5 20. Ng5 Qe7 21. h4 a5
22. a3 a4 23. Rh3 f5 24. exf6 Rxf6 25. Qe3 Nd7 26. Re1 Nf8 27. Rf3 Bd7 28. Qe5
Rxf3 29. gxf3 O-O-O 30. f4 Kb7 31. f5 gxf5 32. Bxf5 Re8 33. Qe2 Qf6 34. Bc2
Qf4+ 35. Kd1 Qxh4 36. Nf7 Rb8 37. Nd6+ Ka7 38. Bxa4 bxa4 39. Qc2 Rb3 40. Ke2
Qg4+ 41. Kf1 h4 42. Rb1 Qf3 43. Rxb3 axb3 44. Qxb3 1/2-1/2

[Event "SR 4. liga A21 2015/2016"]
[Site "?"]
[Date "2016.02.28"]
[Round "9.4"]
[White "Vagovic, Milan"]
[Black "Nemeckay, Rastislav"]
[Result "1/2-1/2"]
[WhiteElo "1609"]
[BlackElo "2014"]
[PlyCount "107"]
[EventDate "2015.??.??"]

1. d4 d5 2. Nf3 Nf6 3. c4 c6 4. Nc3 e6 5. cxd5 exd5 6. Bg5 Nbd7 7. e3 Bd6 8.
Bd3 h6 9. Bh4 O-O 10. Bg3 Qe7 11. O-O Bxg3 12. hxg3 Re8 13. Re1 Nf8 14. Ne5 Be6
15. Na4 N6d7 16. Nf3 Qd6 17. Qc2 b5 18. Nc5 Nxc5 19. dxc5 Qc7 20. b4 a5 21. a3
Ra7 22. Nd4 Bd7 23. Nf5 Bxf5 24. Bxf5 Rea8 25. Qb2 Nd7 26. Bxd7 Qxd7 27. Red1
Qe7 28. g4 Qe4 29. Rd4 Qe6 30. Rb1 axb4 31. axb4 Ra2 32. Qc1 Qf6 33. Qe1 Rc2
34. Rd2 Rxd2 35. Qxd2 Qg5 36. Qd1 Ra4 37. f3 Qf6 38. Rb3 Ra1 39. Rb1 Rxb1 40.
Qxb1 Qc3 41. e4 Qe3+ 42. Kf1 dxe4 43. Qxe4 Qxe4 44. fxe4 f6 45. Kf2 Kf7 46. Ke3
Ke6 47. Kf4 g6 48. g3 Kf7 49. Ke3 Ke7 50. Kf3 Kf7 51. Ke3 h5 52. gxh5 gxh5 53.
Kf3 Ke7 54. Ke3 1/2-1/2

[Event "SR 4. liga A21 2015/2016"]
[Site "?"]
[Date "2016.02.28"]
[Round "9.4"]
[White "Klimes, Karel"]
[Black "Slaba, Andrea"]
[Result "1/2-1/2"]
[WhiteElo "1653"]
[BlackElo "1768"]
[PlyCount "132"]
[EventDate "2015.??.??"]

1. e4 d6 2. d4 Nf6 3. Bd3 g6 4. f4 Bg7 5. Nf3 O-O 6. O-O c6 7. Nbd2 Nbd7 8. c3
e5 9. fxe5 dxe5 10. Nc4 exd4 11. cxd4 Nb6 12. e5 Ne8 13. Bd2 Nxc4 14. Bxc4 Nc7
15. Bb4 Re8 16. Qd2 Be6 17. b3 b5 18. Bxe6 Nxe6 19. Bd6 Bf8 20. Bxf8 Rxf8 21.
Rac1 Qb6 22. Kh1 Rfd8 23. Rfd1 Rd5 24. Rc3 Rad8 25. Rd3 Qc7 26. Qe3 Qd7 27. b4
a5 28. a3 axb4 29. axb4 Ra8 30. Qd2 Ra4 31. Qc3 Nd8 32. Ra1 Rxa1+ 33. Qxa1 Qe7
34. Qc3 Rd7 35. Rd2 Ra7 36. Kg1 Ra4 37. Rb2 Qa7 38. Kf2 Ra1 39. Qc5 Qxc5 40.
dxc5 Ne6 41. Ke3 Ra3+ 42. Ke4 Ra4 43. h4 Kf8 44. Ne1 Nc7 45. Nc2 Nd5 46. Kd4
Ke7 47. g3 h5 48. Ke4 Kd7 49. Kd3 Ra8 50. Kd4 Ke6 51. Ke4 Kd7 52. Kd3 Ra4 53.
Ke4 Ke7 54. Kd3 Ra7 55. Nd4 Ra3+ 56. Ke4 Kd7 57. Nxb5 Rxg3 58. Nd6 Rg4+ 59. Kf3
Nxb4 60. Nxf7 Ke6 61. Nd8+ Kxe5 62. Rxb4 Rg1 63. Nxc6+ Kd5 64. Ne7+ Kxc5 65.
Rb2 g5 66. hxg5 Rxg5 1/2-1/2

[Event "SR 4. liga A21 2015/2016"]
[Site "?"]
[Date "2016.02.28"]
[Round "9.4"]
[White "Pripko, Bystrik"]
[Black "Wallner, Juraj"]
[Result "1-0"]
[WhiteElo "1666"]
[BlackElo "1545"]
[PlyCount "145"]
[EventDate "2015.??.??"]

1. e4 c5 2. Nf3 Nc6 3. d4 e6 4. c3 d5 5. exd5 Qxd5 6. Qd3 c4 7. Qxc4 Nf6 8.
Qxd5 Nxd5 9. Bb5 Bd7 10. O-O Be7 11. Nbd2 a6 12. Bc4 Nf6 13. Re1 O-O 14. Bd3
Nd5 15. Nc4 f6 16. Be4 Bd8 17. Bc2 Bc7 18. h3 b5 19. Ne3 Nde7 20. Ng4 Rae8 21.
Bb3 Nd5 22. Bd2 Nb6 23. Ne3 Kh8 24. d5 exd5 25. Nxd5 Nxd5 26. Bxd5 Ne7 27. Bb3
Ng6 28. Rxe8 Bxe8 29. Re1 Bd7 30. c4 Ne5 31. Nxe5 Bxe5 32. cxb5 Bxb5 33. Bc3
Bd6 34. Re6 Bc7 35. a4 Bd3 36. Re7 Bb6 37. Re6 Rb8 38. Bd5 h6 39. b3 a5 40. Rc6
Bf5 41. Bc4 Be4 42. Re6 Bf5 43. Rd6 Bc2 44. Rd5 Be4 45. Rb5 Bc6 46. Rh5 Be8 47.
Rd5 Bc6 48. Rd2 Rc8 49. Be6 Rb8 50. Kf1 Bc7 51. Rd4 Bb7 52. Rh4 Re8 53. Bc4 Bc6
54. Rh5 Ra8 55. Bd5 Bxd5 56. Rxd5 Kg8 57. Rb5 Kf8 58. Rb7 Bb8 59. Ke2 Ba7 60.
Rb5 Bb8 61. Kf3 Ra7 62. h4 Kf7 63. h5 Ke6 64. Ke4 Bc7 65. g4 Ra6 66. f4 Rb6 67.
Rxb6+ Bxb6 68. b4 axb4 69. Bxb4 Kf7 70. g5 Ba7 71. Kf5 Be3 72. Bd6 Ba7 73. Bc7
1-0

[Event "SR 4. liga A21 2015/2016"]
[Site "?"]
[Date "2016.02.28"]
[Round "9.4"]
[White "Tomasovic, Roman"]
[Black "Piestansky, Jan"]
[Result "1/2-1/2"]
[WhiteElo "1547"]
[BlackElo "1704"]
[PlyCount "31"]
[EventDate "2015.??.??"]

1. d4 d5 2. c4 c6 3. e3 Bf5 4. Nc3 e6 5. a3 Nf6 6. Nf3 h6 7. b4 Be7 8. Bd3 Bxd3
9. Qxd3 Nbd7 10. O-O O-O 11. Re1 Re8 12. b5 a6 13. Bb2 Qc7 14. Ne2 Ne4 15. Nd2
Nxd2 16. Qxd2 {nedá sa prehra} 1/2-1/2

[Event "SR 4. liga A21 2015/2016"]
[Site "?"]
[Date "2016.02.28"]
[Round "9.5"]
[White "Ocko, Martin"]
[Black "Danada, Tomas"]
[Result "0-1"]
[WhiteElo "1936"]
[BlackElo "2174"]
[PlyCount "70"]
[EventDate "2015.??.??"]

1. Nf3 g6 2. g3 Bg7 3. Bg2 c5 4. c4 Nc6 5. O-O e5 6. Nc3 Nge7 7. d3 O-O 8. e4
d6 9. h3 h6 10. Ne1 f5 11. Nc2 f4 12. Nd5 Nxd5 13. cxd5 Ne7 14. a4 g5 15. Na3
Ng6 16. Nc4 Qf6 17. Nd2 Kf7 18. a5 h5 19. b4 cxb4 20. Qa4 g4 21. a6 f3 22. Bh1
Kg8 23. axb7 Bxb7 24. Qxb4 Rf7 25. Nc4 Bf8 26. Ne3 Bc8 27. Ra2 gxh3 28. Nc4 h2+
29. Kxh2 h4 30. Kg1 Bh3 31. Be3 Nf4 32. Rfa1 Ne2+ 33. Kh2 hxg3+ 34. Kxh3 Rh7+
35. Kg4 Rh4# 0-1

[Event "SR 4. liga A21 2015/2016"]
[Site "?"]
[Date "2016.02.28"]
[Round "9.5"]
[White "Brunovsky, Peter"]
[Black "Diviak, Rastislav"]
[Result "1/2-1/2"]
[WhiteElo "1831"]
[BlackElo "1964"]
[PlyCount "76"]
[EventDate "2015.??.??"]

1. d4 d6 2. Bf4 Nf6 3. e3 Nbd7 4. Nf3 g6 5. h3 Bg7 6. Nbd2 O-O 7. Bc4 c5 8. c3
a6 9. O-O b5 10. Bb3 Bb7 11. Bh2 Qb6 12. Re1 Ne4 13. Nxe4 Bxe4 14. Ng5 Bb7 15.
Ne6 fxe6 16. Bxe6+ Kh8 17. Bxd7 Bxg2 18. Kxg2 Qb7+ 19. Kg1 Qxd7 20. Qg4 Qc6 21.
f4 Rac8 22. Qg2 Qb6 23. Qe4 cxd4 24. cxd4 Qc7 25. Rf1 Qd7 26. Kg2 Rf5 27. Rac1
Rh5 28. Rxc8+ Qxc8 29. Qf3 Bf6 30. Rf2 Qe6 31. b3 Qc8 32. Qg4 Qc6+ 33. Qf3 Qd7
34. Qg4 Qc6+ 35. Qf3 Qc8 36. Qg4 Qc6+ 37. Qf3 Qc8 38. Qg4 Qc6+ 1/2-1/2

[Event "SR 4. liga A21 2015/2016"]
[Site "?"]
[Date "2016.02.28"]
[Round "9.5"]
[White "Buran, Andrej ml"]
[Black "Kanka, Tomas"]
[Result "0-1"]
[WhiteElo "1573"]
[BlackElo "1693"]
[PlyCount "62"]
[EventDate "2015.??.??"]

1. e4 e5 2. Nf3 Nf6 3. Nxe5 d6 4. Nf3 Nxe4 5. Bc4 d5 6. Bb3 Be7 7. O-O O-O 8.
c3 Bg4 9. d3 Ng5 10. Nbd2 Nc6 11. d4 Na5 12. Bc2 Nc4 13. Nxc4 dxc4 14. Bxg5
Bxg5 15. Be4 c6 16. Qc2 f5 17. Nxg5 Qxg5 18. Bxc6 bxc6 19. Qa4 Bf3 20. g3 Qg4
21. Qxc4+ Bd5 22. Qd3 Qh3 23. f3 f4 24. g4 Rf6 25. Rf2 Re8 26. c4 Re3 27. Qf1
Qxf1+ 28. Raxf1 Bxc4 29. Rc1 Bxa2 30. Ra1 Bd5 31. Kg2 Rf7 0-1

[Event "SR 4. liga A21 2015/2016"]
[Site "?"]
[Date "2016.02.28"]
[Round "9.5"]
[White "Ralbovsky, Milan"]
[Black "Drozd, Jan"]
[Result "1/2-1/2"]
[WhiteElo "1000"]
[BlackElo "1561"]
[PlyCount "96"]
[EventDate "2015.??.??"]

1. e4 c5 2. d3 Nc6 3. Be3 Nf6 4. Be2 d6 5. Nf3 e5 6. Nbd2 Ng4 7. h3 Nxe3 8.
fxe3 Be7 9. Nc4 b5 10. Na3 a6 11. c3 Bh4+ 12. Kd2 Bf6 13. Qf1 Be6 14. Nc2 b4
15. c4 O-O 16. b3 Be7 17. g4 Bh4 18. Qg2 h6 19. Rag1 Qf6 20. Nxh4 Qxh4 21. Ne1
Qe7 22. g5 Qxg5 23. Qxg5 hxg5 24. Rxg5 g6 25. h4 Kg7 26. Rf1 Ne7 27. Bg4 Bxg4
28. Rxg4 f5 29. exf5 Rxf5 30. Rxf5 Nxf5 31. h5 Ne7 32. Nf3 Kh6 33. hxg6 Nxg6
34. Nh4 Nxh4 35. Rxh4+ Kg5 36. Rh2 a5 37. Rg2+ Kf6 38. d4 a4 39. Rf2+ Ke7 40.
Kd3 axb3 41. axb3 Ra3 42. Rb2 Ke6 43. Ke4 exd4 44. exd4 cxd4 45. Kxd4 Ra1 46.
Re2+ Kd7 47. Re3 Kc6 48. Rd3 Rh1 1/2-1/2

[Event "SR 4. liga A21 2015/2016"]
[Site "?"]
[Date "2016.02.28"]
[Round "9.5"]
[White "Kaufman, Robert"]
[Black "Ralbovsky, Dominik"]
[Result "1-0"]
[WhiteElo "1256"]
[BlackElo "1000"]
[PlyCount "115"]
[EventDate "2015.??.??"]

1. e4 e5 2. Nf3 Nc6 3. Bc4 d6 4. d3 a6 5. c3 b5 6. Bd5 Nge7 7. Qb3 Be6 8. Bxe6
fxe6 9. Qxe6 Qd7 10. Qxd7+ Kxd7 11. O-O b4 12. Be3 a5 13. d4 Ng6 14. dxe5 Ncxe5
15. Nxe5+ Nxe5 16. Rd1 c5 17. Bxc5 Ra6 18. f4 Nc4 19. b3 bxc3 20. Nxc3 Kc6 21.
bxc4 Kxc5 22. Rac1 h5 23. Nb5 Rh6 24. a3 Be7 25. Rd5+ Kc6 26. g3 g5 27. Nd4+
Kc7 28. Nf5 Re6 29. Nxe7 Rxe7 30. Rxg5 Rxe4 31. Rxh5 Kc6 32. Rd5 Rxc4 33. Rxd6+
Kxd6 34. Rxc4 Kd5 35. Ra4 Kc5 36. Kf2 Kb5 37. Re4 Rc6 38. a4+ Kb6 39. Kf3 Rc3+
40. Kg4 Kc5 41. h4 Rc4 42. Rxc4+ Kxc4 43. h5 Kb4 44. h6 Kxa4 45. h7 Kb4 46.
h8=Q a4 47. Qb2+ Ka5 48. Kf5 a3 49. Qxa3+ Kb5 50. Qc3 Kb6 51. Qc4 Kb7 52. Qc5
Kb8 53. Qc6 Ka7 54. Qb5 Ka8 55. Ke6 Ka7 56. Kd6 Ka8 57. Kc7 Ka7 58. Qa5# 1-0

[Event "SR 4. liga A21 2015/2016"]
[Site "?"]
[Date "2016.02.28"]
[Round "9.6"]
[White "Lanik, Miroslav"]
[Black "Podjavorinsky, Michal"]
[Result "1/2-1/2"]
[WhiteElo "1896"]
[BlackElo "1941"]
[PlyCount "69"]
[EventDate "2015.??.??"]

1. e4 e6 2. d4 d5 3. e5 c5 4. c3 Nc6 5. Nf3 Qb6 6. a3 c4 7. Nbd2 f6 8. b3 cxb3
9. Nxb3 fxe5 10. Nxe5 Nxe5 11. dxe5 Bd7 12. Be3 Qc7 13. Bd4 Ne7 14. Bd3 Ba4 15.
Bc2 Nc6 16. O-O Rc8 17. Ra2 g6 18. Qg4 Qd7 19. Nc5 Bxc5 20. Bxa4 Bxd4 21. cxd4
O-O 22. h4 a6 23. h5 Qf7 24. Bc2 Ne7 25. a4 Nf5 26. hxg6 hxg6 27. Bxf5 Qxf5 28.
Qe2 Rc4 29. Qe3 Rfc8 30. Rb2 R8c7 31. Rfb1 Rc3 32. Qd2 Rc2 33. Rxc2 Rxc2 34.
Qe1 Rxf2 35. Rxb7 1/2-1/2

[Event "SR 4. liga A21 2015/2016"]
[Site "?"]
[Date "2016.02.28"]
[Round "9.6"]
[White "Miciak, Emanuel"]
[Black "Palka, Miroslav"]
[Result "0-1"]
[WhiteElo "1844"]
[BlackElo "1927"]
[PlyCount "111"]
[EventDate "2015.??.??"]

1. d4 d5 2. c4 e6 3. Nf3 Nf6 4. Nc3 Nbd7 5. Bg5 c6 6. e3 Qa5 7. Bxf6 Nxf6 8.
Nd2 Be7 9. Bd3 O-O 10. O-O Qc7 11. f4 dxc4 12. Nxc4 Nd5 13. Rf3 g6 14. Rc1 Nxc3
15. bxc3 Bf6 16. Qe1 Bg7 17. h4 h5 18. Qg3 Kh7 19. Qg5 f5 20. Ne5 Bxe5 21. fxe5
Qd8 22. Qf4 Bd7 23. Rg3 Qe7 24. Rg5 Rg8 25. Qg3 Raf8 26. Be2 Be8 27. Rb1 b6 28.
Bc4 Bf7 29. Qe1 Rc8 30. Qd1 Rc7 31. Be2 c5 32. a4 cxd4 33. cxd4 Qa3 34. Rg3
Rgc8 35. Kh2 Rc3 36. Qg1 Qxa4 37. Ra1 Qd7 38. Qf1 R8c7 39. Qf4 Qe7 40. Rg5 Be8
41. Qg3 Qf8 42. Rf1 b5 43. Qf4 b4 44. g4 Qh6 45. gxh5 gxh5 46. Rfg1 Rc2 47.
R1g2 Qf8 48. Qf3 Qh6 49. Qa8 Rc8 50. Qxa7+ R2c7 51. Qa2 Rb8 52. Qa5 Rd7 53. Qc5
Rbb7 54. Ba6 Rdc7 55. Qd6 Rd7 56. Qc6 {necitatelne zapisy} 0-1

[Event "SR 4. liga A21 2015/2016"]
[Site "?"]
[Date "2016.02.28"]
[Round "9.6"]
[White "Tokos, Rastislav"]
[Black "Smrek, Peter"]
[Result "1/2-1/2"]
[WhiteElo "1818"]
[BlackElo "1811"]
[PlyCount "126"]
[EventDate "2015.??.??"]

1. e4 e5 2. Nf3 Nc6 3. Bb5 Bc5 4. O-O Nge7 5. c3 O-O 6. d4 Bd6 7. d5 Nb8 8. Bg5
f6 9. Be3 b6 10. Nbd2 Bb7 11. Nc4 Nc8 12. Ncd2 c6 13. dxc6 dxc6 14. Bc4+ Kh8
15. Qc2 Qc7 16. Rfd1 a5 17. Nf1 Qe7 18. Ng3 g6 19. a3 b5 20. Ba2 c5 21. Bd5
Bxd5 22. Rxd5 Nb6 23. Rd3 Nc6 24. Rad1 Rfd8 25. h4 h5 26. Qe2 Nc4 27. Bc1 a4
28. Nh2 Qf7 29. Nhf1 N6a5 30. Ne3 Bc7 31. Ngf1 Rxd3 32. Rxd3 Nb3 33. Qd1 Re8
34. Nxc4 bxc4 35. Rd7 Re7 36. Rxe7 Qxe7 37. Be3 Qd6 38. Qe2 Qd3 39. Qf3 Kg7 40.
g4 hxg4 41. Qxg4 Qd8 42. Ng3 Kf7 43. h5 gxh5 44. Nxh5 Ke7 45. Kg2 Qh8 46. Qg6
Ke6 47. Bh6 Bd8 48. Ng7+ Kd6 49. Qf7 Kc6 50. Qe6+ Kb5 51. Qd7+ Ka5 52. Nf5 Qg8+
53. Kh3 Bb6 54. Bg7 Qh7+ 55. Kg2 Qg6+ 56. Kf1 Qg4 57. Bh6 Qxe4 58. Nd6 Qb1+ 59.
Kg2 Qg6+ 60. Kf3 e4+ 61. Ke2 Qh5+ 62. Kf1 Qh1+ 63. Ke2 Qf3+ 1/2-1/2

[Event "SR 4. liga A21 2015/2016"]
[Site "?"]
[Date "2016.02.28"]
[Round "9.6"]
[White "Podjavorinsky, Peter"]
[Black "Lauko, Tomas"]
[Result "1/2-1/2"]
[WhiteElo "1690"]
[BlackElo "1668"]
[PlyCount "40"]
[EventDate "2015.??.??"]

1. e4 e5 2. Nf3 Nc6 3. Bc4 Bc5 4. b4 Bxb4 5. c3 Be7 6. d4 Nf6 7. dxe5 Nxe4 8.
Qd5 O-O 9. Qxe4 d6 10. O-O Re8 11. e6 fxe6 12. Bxe6+ Bxe6 13. Qxe6+ Kh8 14. Qg4
Bf6 15. Bg5 Ne5 16. Nxe5 Rxe5 17. Bxf6 Qxf6 18. Nd2 Rae8 19. Nf3 Re4 20. Rfe1
Qxc3 1/2-1/2

[Event "SR 4. liga A21 2015/2016"]
[Site "?"]
[Date "2016.02.28"]
[Round "9.6"]
[White "Bendzela, Tibor"]
[Black "Holan, Jaroslav"]
[Result "1-0"]
[WhiteElo "1536"]
[BlackElo "1467"]
[PlyCount "59"]
[EventDate "2015.??.??"]

1. e4 e6 2. d4 d5 3. Nc3 Bb4 4. e5 c5 5. a3 Qa5 6. dxc5 Bxc3+ 7. bxc3 Qxc3+ 8.
Bd2 Qxe5+ 9. Be2 Nf6 10. Nf3 Qc7 11. O-O Ne4 12. Bd3 Nxd2 13. Qxd2 Qxc5 14. Qg5
O-O 15. Qh4 h6 16. g4 f6 17. Qh5 e5 18. Bg6 Be6 19. Nh4 Bf7 20. Nf5 Nd7 21.
Rab1 b6 22. Bxf7+ Rxf7 23. Qg6 Qf8 24. Nxh6+ Kh8 25. Nxf7+ Kg8 26. Nh6+ Kh8 27.
Nf5 e4 28. Rb3 Ne5 29. Rh3+ Kg8 30. Nh6+ 1-0

[Event "SR 4. liga A21 2015/2016"]
[Site "?"]
[Date "2016.03.13"]
[Round "10.1"]
[White "Kubis, Ivan"]
[Black "Podjavorinsky, Michal"]
[Result "1-0"]
[WhiteElo "1939"]
[BlackElo "1975"]
[PlyCount "69"]
[EventDate "2015.??.??"]

1. e4 c6 2. d4 d5 3. Nc3 dxe4 4. Nxe4 Nd7 5. Ng5 Ngf6 6. Bd3 e6 7. N1f3 Bd6 8.
O-O O-O 9. Qe2 h6 10. Nxe6 Bxh2+ 11. Nxh2 fxe6 12. Qxe6+ Kh8 13. Qd6 Nb6 14.
Qxd8 Rxd8 15. Be3 Nbd5 16. c4 Nb4 17. Bg6 Be6 18. a3 Na6 19. Rac1 Rac8 20. Nf3
Ng4 21. Ne5 Nxe5 22. dxe5 c5 23. Be4 Rc7 24. f4 b6 25. f5 Bc8 26. Rcd1 Re8 27.
Bf4 Bb7 28. Bd5 Bc6 29. e6 Rcc8 30. Be5 Nb8 31. f6 gxf6 32. Rxf6 Kg8 33. Rg6+
Kf8 34. Bd6+ Re7 35. Rf1+ 1-0

[Event "SR 4. liga A21 2015/2016"]
[Site "?"]
[Date "2016.03.13"]
[Round "10.1"]
[White "Miciak, Emanuel"]
[Black "Valla, Tomas"]
[Result "0-1"]
[WhiteElo "1848"]
[BlackElo "1818"]
[PlyCount "90"]
[EventDate "2015.??.??"]

1. d4 Nf6 2. c4 c5 3. d5 e6 4. Nc3 exd5 5. cxd5 d6 6. e4 g6 7. Bd3 Bg7 8. Nge2
O-O 9. O-O Re8 10. f3 b6 11. Ng3 Na6 12. a3 Nc7 13. Bg5 Ba6 14. Bxa6 Nxa6 15.
Qd2 Qd7 16. Rae1 Nc7 17. Bh6 Re5 18. Bxg7 Kxg7 19. f4 Ree8 20. f5 Re5 21. Qf4
Rf8 22. h4 h6 23. Qf3 b5 24. Nce2 Qe7 25. Nf4 c4 26. fxg6 fxg6 27. h5 Nfxd5 28.
exd5 Rxf4 29. Qxf4 Rxe1 30. Rxe1 Qxe1+ 31. Kh2 Qe5 32. Qg4 Nxd5 33. hxg6 Nf6
34. Qf3 d5 35. Kg1 Qe1+ 36. Kh2 Qe5 37. Kg1 Kxg6 38. Qf2 a5 39. Qc2+ Ne4 40.
Ne2 d4 41. Qc1 d3 42. Nf4+ Kf5 43. Nh3 Qd4+ 44. Kh2 Qd6+ 45. Kh1 Ng3+ 0-1

[Event "SR 4. liga A21 2015/2016"]
[Site "?"]
[Date "2016.03.13"]
[Round "10.1"]
[White "Zajicek, Ferdinand"]
[Black "Smrek, Peter"]
[Result "1/2-1/2"]
[WhiteElo "1757"]
[BlackElo "1814"]
[PlyCount "67"]
[EventDate "2015.??.??"]

1. e4 c5 2. Nf3 Nc6 3. d4 cxd4 4. Nxd4 d6 5. Be3 g6 6. Be2 Bg7 7. c3 Bd7 8. O-O
Nf6 9. Nd2 O-O 10. Qc2 Rc8 11. N2f3 a6 12. Nxc6 Bxc6 13. Bd3 Ng4 14. Bf4 Qa5
15. h3 Ne5 16. Nxe5 Bxe5 17. Bxe5 Qxe5 18. f4 Qc5+ 19. Kh1 d5 20. exd5 Bxd5 21.
Be4 Rfd8 22. Bxd5 Rxd5 23. Rad1 Rcd8 24. Rxd5 Qxd5 25. a3 e6 26. Rf2 Kg7 27.
Re2 Qd1+ 28. Qxd1 Rxd1+ 29. Kh2 Rd3 30. g3 Kf6 31. Kg2 Ke7 32. Kf2 Kd6 33. Re3
Rd2+ 34. Re2 1/2-1/2

[Event "SR 4. liga A21 2015/2016"]
[Site "?"]
[Date "2016.03.13"]
[Round "10.1"]
[White "Podjavorinsky, Peter"]
[Black "Kastler, Peter"]
[Result "1-0"]
[WhiteElo "1690"]
[BlackElo "1743"]
[PlyCount "63"]
[EventDate "2015.??.??"]

1. e4 e6 2. d4 d5 3. exd5 exd5 4. Nf3 Nf6 5. h3 Bd6 6. Bd3 O-O 7. O-O Re8 8.
Nc3 c6 9. Bg5 Nbd7 10. Qd2 Nf8 11. Rfe1 Rxe1+ 12. Rxe1 Be6 13. Ne5 Ng6 14. Nxg6
hxg6 15. Bxg6 Bxh3 16. Bxf7+ Kxf7 17. gxh3 Qh8 18. h4 Re8 19. Rxe8 Qxe8 20.
Bxf6 gxf6 21. Qe2 Qg8+ 22. Kf1 Bh2 23. Qh5+ Ke7 24. Ne2 Qe6 25. Qf3 Bc7 26. h5
Qe4 27. Qxe4+ dxe4 28. Ng3 Bxg3 29. fxg3 f5 30. c4 b5 31. h6 Kf7 32. cxb5 1-0

[Event "SR 4. liga A21 2015/2016"]
[Site "?"]
[Date "2016.03.13"]
[Round "10.1"]
[White "Papanek, Lubomir"]
[Black "Holan, Jaroslav"]
[Result "1/2-1/2"]
[WhiteElo "1661"]
[BlackElo "1467"]
[PlyCount "101"]
[EventDate "2015.??.??"]

1. e4 e6 2. d4 d5 3. Nc3 c5 4. exd5 cxd4 5. Qxd4 Nf6 6. Bb5+ Nbd7 7. dxe6 fxe6
8. Nf3 Be7 9. O-O O-O 10. Ng5 Nb6 11. Qxd8 Rxd8 12. Be3 Nbd5 13. Nge4 Nxe3 14.
fxe3 h6 15. Be2 b6 16. Rad1 Bb7 17. Bf3 Nxe4 18. Bxe4 Bxe4 19. Nxe4 Rac8 20. c3
Rc4 21. Rd4 Rcc8 22. Rfd1 Rxd4 23. Rxd4 Rc7 24. Kf2 Kf7 25. Ke2 e5 26. Rd2 Ke6
27. Nf2 Kf5 28. e4+ Ke6 29. Rd3 Bc5 30. Rf3 Be7 31. Rd3 Kf6 32. Rd5 Ke6 33. Rd3
Bc5 34. Nd1 Rf7 35. Rf3 Rc7 36. Ne3 Bxe3 37. Rxe3 Rd7 38. Rd3 Rc7 39. b3 Ke7
40. c4 Rc8 41. Rg3 Kf6 42. Rf3+ Ke6 43. Kd2 Rd8+ 44. Rd3 Rc8 45. Kc3 Rf8 46.
Rf3 Rd8 47. Rd3 Rf8 48. b4 Rf7 49. Rd2 Rf8 50. a4 Rc8 51. b5 1/2-1/2

[Event "SR 4. liga A21 2015/2016"]
[Site "?"]
[Date "2016.03.13"]
[Round "10.2"]
[White "Bilovsky, Milan"]
[Black "Lanik, Miroslav"]
[Result "1-0"]
[WhiteElo "1931"]
[BlackElo "1897"]
[PlyCount "61"]
[EventDate "2015.??.??"]

1. e4 c5 2. c3 Nf6 3. e5 Nd5 4. d4 cxd4 5. Nf3 e6 6. cxd4 Nc6 7. Nc3 Nb6 8. a3
d5 9. Bd3 Be7 10. O-O g6 11. Bh6 Bf8 12. Qd2 a6 13. b4 Qe7 14. Bg5 Qd7 15. Bf6
Rg8 16. h4 Ne7 17. a4 Nc4 18. Qe2 Nf5 19. Bxc4 dxc4 20. Qxc4 Qc6 21. Qb3 Bd7
22. Rfd1 Be7 23. b5 Qb6 24. a5 Qd8 25. bxa6 bxa6 26. Bxe7 Nxe7 27. Ne4 Nd5 28.
Nd6+ Kf8 29. Ng5 Be8 30. Qf3 Qe7 31. Rab1 1-0

[Event "SR 4. liga A21 2015/2016"]
[Site "?"]
[Date "2016.03.13"]
[Round "10.2"]
[White "Palka, Miroslav"]
[Black "Brunovsky, Peter"]
[Result "1/2-1/2"]
[WhiteElo "1915"]
[BlackElo "1823"]
[PlyCount "84"]
[EventDate "2015.??.??"]

1. c4 e6 2. Nc3 d5 3. d4 Nf6 4. Nf3 Be7 5. Bf4 a6 6. e3 O-O 7. h3 Nbd7 8. Bd3
dxc4 9. Bxc4 b5 10. Be2 Bb7 11. O-O c5 12. Rc1 Rc8 13. b3 Qb6 14. a4 b4 15. Nb1
Ne4 16. Bc4 Ndf6 17. Qe2 Nd5 18. Be5 f6 19. dxc5 Bxc5 20. Bb2 Nd6 21. Nbd2 Nxc4
22. Nxc4 Qa7 23. Nd4 Rce8 24. Qg4 Bc8 25. Qe4 Qd7 26. Rfd1 Bb7 27. Qh4 Qe7 28.
Na5 Bxd4 29. Qxd4 Rc8 30. Nxb7 Qxb7 31. Rc4 Rxc4 32. bxc4 Nb6 33. Qd6 Nxa4 34.
Qxe6+ Qf7 35. Qxf7+ Kxf7 36. Bd4 b3 37. Rb1 b2 38. Kf1 Rb8 39. Ke1 Rb4 40. Kd2
Rxc4 41. Bxb2 Rb4 42. Kc2 Rxb2+ 1/2-1/2

[Event "SR 4. liga A21 2015/2016"]
[Site "?"]
[Date "2016.03.13"]
[Round "10.2"]
[White "Hrubos, Milan"]
[Black "Tokos, Rastislav"]
[Result "1-0"]
[WhiteElo "1750"]
[BlackElo "1818"]
[PlyCount "88"]
[EventDate "2015.??.??"]

1. e4 c5 2. Nf3 Nc6 3. d4 cxd4 4. Nxd4 d6 5. Nc3 g6 6. Be3 Bg7 7. Bc4 Bd7 8.
Qd2 Ne5 9. Bb3 Ng4 10. O-O Nxe3 11. Qxe3 Qb6 12. Rad1 Nf6 13. h3 O-O 14. Nd5
Nxd5 15. exd5 Rfe8 16. c3 Rac8 17. Rfe1 a6 18. Nf5 Qxe3 19. Nxe3 Rc5 20. g4 b5
21. Re2 h5 22. f3 hxg4 23. hxg4 Bh6 24. Nf1 f5 25. gxf5 gxf5 26. Ng3 Kf7 27.
Rd4 Rg8 28. Kf2 Bg5 29. Bc2 Kf6 30. Nh5+ Kg6 31. Nf4+ Bxf4 32. Rxf4 Rxd5 33.
Bb3 Rh8 34. Bxd5 e5 35. Rb4 Rh2+ 36. Ke1 Rh1+ 37. Kd2 a5 38. Rb3 Rg1 39. c4 b4
40. f4 Ba4 41. Rh3 Rd1+ 42. Ke3 exf4+ 43. Kxf4 Rf1+ 44. Rf3 Rxf3+ 1-0